000 00746nam a2200241 i 4500
001 43023
003 ES-MaACL
005 20250829112149.0
007 t|
008 030314s1970 sp ||||1| spa d
100 1 _aCépède, Michel
_c1908-1988.
_937434
245 1 3 _aEl hambre /
_cpor Michel Cepede y Hugues Counelle ; [traducción de José Luis Ruiz Castillo].
250 _a1ª ed.
260 _aBarcelona :
_bOikos-Tau,
_c[1970]
300 _a123 p. ;
_c18 cm.
490 1 _a¿Qué sé? ;
_v14
650 0 4 _aHambre.
_913292
700 1 _aCounelle, Hugues.
_941249
700 1 _aRuiz Castillo, José Luis.
_9100701
830 0 _a¿Qué sé?
_v14
_9181382
852 _aES-MaACL
_jC-44408
_bR.75826
999 _c43023
_d43023